Ochrana súkromia zamestnancov

Problematika ochrany súkromia zamestnancov na pracovisku a v spoločných priestoroch zamestnávateľa.

Salvato in:
Dettagli Bibliografici
Autore principale: Divékyová, Karina
Natura: Capitolo di libro
Lingua:slovacco
Soggetti:
Tags: Aggiungi Tag
Nessun Tag, puoi essere il primo ad aggiungerne!!

MARC

LEADER 00000naa a2200000 4500
001 0240945
005 20250729111803.0
041 0 |a slo 
044 |a SK 
245 1 0 |a Ochrana súkromia zamestnancov  |c Karina Divékyová 
520 |a Problematika ochrany súkromia zamestnancov na pracovisku a v spoločných priestoroch zamestnávateľa. 
610 2 0 |a zákonník práce 
610 2 0 |a Slovensko 
610 2 0 |a zamestnanci 
610 2 0 |a ochrana pracovníkov 
610 2 0 |a pracovisko 
100 1 |a Divékyová, Karina